| 000 | 00728cam a2200241 a 4500 | ||
|---|---|---|---|
| 001 | 000008316 | ||
| 005 | 20200929161327.0 | ||
| 008 | 770816s1976 sp 000 f spa d | ||
| 020 |
_a8432505722 : _c150ptas |
||
| 035 | _a(DLC) 77478609 | ||
| 040 |
_aDO-SdBNP _cDLC _dDLC _dBNPHU |
||
| 082 |
_a843.914 _bD376L |
||
| 100 | 1 |
_aDemerson, Georges. _922476 |
|
| 245 | 1 | 0 |
_aLeyendas de Ibiza / _cJorge Demerson. |
| 260 |
_aMadrid : _bDoncel, _c1976. |
||
| 300 |
_a197 p. ; _c18 cm. |
||
| 490 | 1 |
_aEl Libro de bolsillo doncel _v96 |
|
| 650 | 4 |
_aNovela francesa _91075 |
|
| 650 | 4 |
_aLiteratura francesa _ySIGLO XX _94232 |
|
| 830 | 0 |
_aEl Libro de bolsillo doncel ; _v96 _98628 |
|
| 910 | _aCatalogación por copia / LC | ||
| 049 | _aBNGR | ||
| 999 |
_c8087 _d8087 |
||